Videospiel Charaktere -3- - Statistiken

Allgemein
  • Dieses Quiz wurde 1.302 mal gespielt
  • Das Durchschnittsergebnis liegt bei 10 aus 16
Antwortstatistiken
Bildquiz Antwort % Korrekt
Sonic the Hedgehog
100%
Donkey Kong
99%
Pummeluff
81%
Lara Croft
80%
Crash Bandicoot
79%
Prinzessin Zelda
79%
Rayman
78%
Samus Aran
66%
Ratchet
59%
Master Yi
55%
Reinhardt
46%
Hades
44%
Kazooie
37%
Arthas Menethil
23%
Lydia
20%
The Phantom
7%
Keine übereinstimmenden Quizze gefunden
Verteilung der Resultate
Anzahl Personen mit jedem Resultat
Perzentil nach korrekt beantworteten Fragen
Ihre Resultats-Entwicklung
Sie haben dieses Quiz noch nicht gespielt